El Convenio "Andrés Bello"; bases para un derecho de integración cultural

Guardado en:
書目詳細資料
主要作者: Gutiérrez R, Néstor A.
格式: Texto
出版: s. l.: s. ed.
標簽: 添加標簽
沒有標簽, 成為第一個標記此記錄!

MARC

LEADER 00000 a a2200000 04500
001 23870
003
040
090 |a 164400  
100 |a Gutiérrez R, Néstor A.  
245 |a El Convenio "Andrés Bello"; bases para un derecho de integración cultural  
260 |a s. l.:   |b s. ed.  
300 |a 99 p.  
999 |c 8460  |d 8460